О создании электрических бурильных машин ударного и вращательно-ударного действия; Известия вузов. Горный журнал; № 1

Detalles Bibliográficos
Parent link:Известия вузов. Горный журнал.— , 1958-1996
№ 1.— 1960.— С. 101-108
Autor Principal: Алабужев П. М. Петр Михайлович
Outros autores: Ряшенцев Н. П. Николай Павлович, Алимов О. Д. Олег Дмитриевич
Idioma:ruso
Publicado: 1960
Subjects:
Formato: MixedMaterials Capítulo de libro
KOHA link:https://koha.lib.tpu.ru/cgi-bin/koha/opac-detail.pl?biblionumber=582945

MARC

LEADER 00000naa2a2200000 4500
001 582945
005 20231101130936.0
035 |a (RuTPU)RU\TPU\prd\283757 
035 |a RU\TPU\tpu\5830 
090 |a 582945 
100 |a 20190408d1960 k y0rusy50 ca 
101 0 |a rus 
102 |a RU 
200 1 |a О создании электрических бурильных машин ударного и вращательно-ударного действия  |f П. М. Алабужев, Н. П. Ряшенцев, О. Д. Алимов 
320 |a Библиогр.: 13 назв. 
461 |0 (RuTPU)RU\TPU\prd\186  |t Известия вузов. Горный журнал  |d 1958-1996 
463 |0 (RuTPU)RU\TPU\prd\171214  |t № 1  |v С. 101-108  |d 1960 
610 1 |a горное дело 
610 1 |a труды учёных ТПУ 
700 1 |a Алабужев  |b П. М.  |c российский ученый, физик  |c заслуженный деятель науки и техники России, доктор технических наук  |c профессор кафедры теоретической механики ТПИ  |f 1908-1995  |g Петр Михайлович  |2 stltpush  |3 (RuTPU)RU\TPU\pers\19759 
701 1 |a Ряшенцев  |b Н. П.  |c специалист в области электротехники  |c Лауреат Государственной премии СССР  |c выпускник ЭМФ Томского политехнического института (1955)  |c ассистент, доцент кафедры горной электромеханики Томского политехнического института (1955-1964)  |f 1927-2001  |g Николай Павлович  |2 stltpush  |3 (RuTPU)RU\TPU\pers\29218 
701 1 |a Алимов  |b О. Д.  |c специалист в области горного машиностроения  |c профессор Томского политехнического университета, доктор технических наук  |f 1923-2003  |g Олег Дмитриевич  |2 stltpush  |3 (RuTPU)RU\TPU\pers\8901 
801 0 |a RU  |b 63413507  |c 20011210  |g PSBO 
801 2 |a RU  |b 63413507  |c 20190408  |g PSBO 
942 |c BK